LEADER 01454nam 2200457 450 001 9910480871403321 005 20210729134842.0 010 $a1-78238-493-6 035 $a(CKB)2670000000594105 035 $a(MiAaPQ)EBC1645269 035 $a(EXLCZ)992670000000594105 100 $a20150216h20152015 uy 0 101 0 $aeng 135 $aurcnu|||||||| 181 $2rdacontent 182 $2rdamedia 183 $2rdacarrier 200 00$aCousin marriages $ebetween tradition, genetic risk and cultural change /$fedited by Alison Shaw and Aviad Raz 210 1$aNew York, New York ;$aOxford, England :$cberghahn,$d2015. 210 4$d©2015 215 $a1 online resource (248 pages) $cillustrations 225 1 $aFertility, Reproduction and Sexuality ;$vVolume 28 300 $aIncludes index. 311 $a1-78238-492-8 311 $a1-322-95067-9 410 0$aFertility, reproduction, and sexuality ;$vVolume 28. 606 $aCross-cousin marriage 606 $aGenetic disorders 608 $aElectronic books. 610 0$asøskenbarn$aekteskap$atradisjoner$aslektskap$agenetikk$agenetiske sykdommer$akultur 615 0$aCross-cousin marriage. 615 0$aGenetic disorders. 676 $a306.84 702 $aRaz$b Aviad E.$f1968- 801 0$bMiAaPQ 801 1$bMiAaPQ 801 2$bMiAaPQ 906 $aBOOK 912 $a9910480871403321 996 $aCousin marriages$92102419 997 $aUNINA LEADER 01750nam a22003131i 4500 001 991001955659707536 005 20030514113958.0 008 030925s1968 it |||||||||||||||||ita 035 $ab12221302-39ule_inst 035 $aARCHE-026895$9ExL 040 $aBiblioteca Interfacoltà$bita$cA.t.i. Arché s.c.r.l. Pandora Sicilia s.r.l. 082 04$a387.1 100 1 $aDe Rossi, Domenico$0343289 245 14$aGli antichi porti del Salento e il loro sviluppo :$bpremio nazionale Presidenza del Consiglio dei ministri, settembre 1967 /$cDomenico De Rossi 260 $aLecce :$bTip. Martano,$c1968 300 $a123 p. :$b1 c. di tav. ;$c24 cm 650 4$aGallipoli$xPorto$xStoria 907 $a.b12221302$b02-04-14$c08-10-03 912 $a991001955659707536 945 $aLE002 Sal. I M 25$g1$i2002000080790$lle002$o-$pE0.00$q-$rn$so $t0$u2$v0$w2$x0$y.i12602541$z08-10-03 945 $aLE002 Sal. I M 25/bis$g2$i2002000080806$lle002$o-$pE0.00$q-$rn$so $t0$u0$v0$w0$x0$y.i12602553$z08-10-03 945 $aLE002 Sal. I M 25/ter$g3$i2002000080813$lle002$o-$pE0.00$q-$rn$so $t0$u0$v0$w0$x0$y.i12602565$z08-10-03 945 $aLE002 Sal. I M 25/quater$g4$i2002000080820$lle002$o-$pE0.00$q-$rn$so $t0$u0$v0$w0$x0$y.i12602577$z08-10-03 945 $aLE002 M.Sal. I M 16$g1$iLE002-23600/P7$lle002$o-$pE0.00$q-$rl$s- $t0$u1$v0$w1$x0$y.i10326893$z27-06-02 945 $aLE002 Sal. I M 16$g5$i2002000079190$lle002$o-$pE0.00$q-$rn$so $t0$u0$v0$w0$x0$y.i12602589$z08-10-03 945 $aLE009 GEOG.14.434-260$g1$i2009000398702$lle009$o-$pE0.00$q-$rn$so $t0$u0$v0$w0$x0$y.i1306101x$z21-01-04 996 $aAntichi porti del Salento e il loro sviluppo$9155671 997 $aUNISALENTO 998 $a(6)le002$ale009$b08-10-03$cm$da $e-$fita$git $h4$i5 LEADER 03421nam 2200649 a 450 001 9910785831403321 005 20230617034137.0 010 $a3-11-092428-5 024 7 $a10.1515/9783110924282 035 $a(CKB)2670000000250363 035 $a(EBL)3041547 035 $a(SSID)ssj0000625052 035 $a(PQKBManifestationID)11388735 035 $a(PQKBTitleCode)TC0000625052 035 $a(PQKBWorkID)10595384 035 $a(PQKB)10151317 035 $a(MiAaPQ)EBC3041547 035 $a(WaSeSS)Ind00018355 035 $a(DE-B1597)56703 035 $a(OCoLC)1013950481 035 $a(OCoLC)840441791 035 $a(DE-B1597)9783110924282 035 $a(Au-PeEL)EBL3041547 035 $a(CaPaEBR)ebr10595841 035 $a(OCoLC)922944551 035 $a(EXLCZ)992670000000250363 100 $a20060414d2005 uy 0 101 0 $ager 135 $aurcn||||||||| 181 $ctxt 182 $cc 183 $acr 200 00$aGott und die Go?tter bei Plutarch$b[electronic resource] $eGo?tterbilder - Gottesbilder - Weltbilder /$fherausgegeben von Rainer Hirsch-Luipold 210 $aBerlin ;$aNew York $cDe Gruyter$dc2005 215 $a1 online resource (300 p.) 225 0 $aReligionsgeschichtliche Versuche und Vorarbeiten ;$v54 300 $aProceedings of a conference held February 2-4, 2005, in Go?ttingen, Germany. 311 0 $a3-11-018479-6 320 $aIncludes bibliographical references and indexes. 327 $tFront matter --$tVorwort /$rHirsch Luipold, Rainer --$tInhaltsverzeichnis --$tEinleitung /$rHIRSCH-LUIPOLD, RAINER --$tI GOTTESBILDER: Die Gottesbilder der philosophischen Tradition und der Gott Plutarchs --$tDer Gott Plutarchs und der Gott Platons /$rFERRARI, FRANCO --$tPlutarch's Middle-Platonic God: About to Enter (or Remake) the Academy /$rBRENK, FREDERICK E. --$tDemiurges in Early Imperial Platonism /$rOPSOMER, JAN --$t"?????????? als Wesenszug des Göttlichen" /$rPÉREZ JIMÉNEZ, AURELIO --$tGöttlichkeit und Glaube. Persönliche Gottesbeziehung im Spätwerk Plutarchs /$rFRAZIER, FRANÇOISE --$tII GÖTTERBILDER: Die Götter der traditionellen Religion und der Gott Plutarchs --$tDer eine Gott bei Philon von Alexandrien und Plutarch /$rHIRSCH-LUIPOLD, RAINER --$tEros als Gott in Plutarchs "Amatorius" /$rGÖRGEMANNS, HERWIG --$tPlutarch and Apollo of Delphi /$rSTADTER, PHILIP A. --$tOsiris: Der Gott der Toten als Gott des Lebens (De Iside Kap. 76-78) /$rFELDMEIER, REINHARD --$tNo Cause for Alarm: Chthonic Deities in Plutarch /$rSTOCKT, LUC VAN DER --$tPlutarch und die Götterbilder /$rGRAF, FRITZ --$tVerzeichnis moderner Autoren --$tStellenregister 330 $aTagungsband zur religiösen Philosophie Plutarchs mit zwölf Vorträgen führender Plutarchforscher aus den Bereichen Philosophie, Klassische Philologie, Religionswissenschaft und Theologie. 410 0$aReligionsgeschichtliche Versuche und Vorarbeiten 606 $aGods, Greek$vCongresses 606 $aPhilosophy, Ancient$vCongresses 607 $aGreece$xReligion$vCongresses 615 0$aGods, Greek 615 0$aPhilosophy, Ancient 676 $a200 686 $a18.43$2bcl 701 $aHirsch-Luipold$b Rainer$f1967-$0616285 801 0$bMiAaPQ 801 1$bMiAaPQ 801 2$bMiAaPQ 906 $aBOOK 912 $a9910785831403321 996 $aGott und die Gotter bei Plutarch$91462115 997 $aUNINA